000 00573nam a2200181Ia 4500
003 GCL
008 140319s9999 xx 000 0 ara d
040 _aGCL /
_cGCL
082 0 4 _a891.7
_bج ت
100 1 _aمحمود فتحى عمر (مترجم)
245 1 0 _aتاراس بولبا : بطل الحرية فى اوكرانيا الروسية /
_cمحمود فتحى عمر (مترجم)
700 1 _aجوجول، نيقولا
300 _a213 ص
490 _aالالف كتاب
_v0
650 0 4 _aالادب الروسى
650 0 4 _aالقصص
942 _2ddc
_cBK
999 _c46256
_d46256